From elementary probability to stochastic differential equations with Maple
Saved in:
| Main Author: | |
|---|---|
| Other Authors: | , |
| Format: | Book |
| Language: | English |
| Published: |
Berlin :
Springer, c2002.
|
| Series: | Universitext
|
| Subjects: | |
| Tags: |
Add Tag
No Tags, Be the first to tag this record!
|
MARC
| LEADER | 00000cam a2200000 i 4500 | ||
|---|---|---|---|
| 001 | 1/25009 | ||
| 008 | 020604s2002 gw | ||| |||| ||eng|| | ||
| 020 | |a 3540426663 | ||
| 035 | |l 10067987 | ||
| 040 | |a GR-MyUa |b gre |e AACR2 | ||
| 041 | 0 | |a eng | |
| 082 | 7 | |a 519.2 |2 (22) | |
| 100 | 1 | |a Cyganowski, Sasha. | |
| 245 | 1 | 0 | |a From elementary probability to stochastic differential equations with Maple / |c Sasha Cyganowski, Peter Kloeden, Jerzy Ombach. |
| 260 | |a Berlin : |b Springer, |b c2002. | ||
| 300 | |a xvi, 310 σ. : |b εικ. ; |c 24 εκ. | ||
| 490 | 1 | |a (Universitext) | |
| 504 | |a Βιβλιογραφία: σ. [305]-306. Ευρετήριο. | ||
| 630 | 0 | 0 | |a Maple (Computer file) |
| 650 | 0 | |a Probabilities. | |
| 650 | 0 | |a Stochastic differential equations. | |
| 700 | 1 | |a Kloeden, Peter E. | |
| 700 | 1 | |a Ombach, Jerzy, |d 1950- | |
| 830 | 0 | |a Universitext | |
| 852 | |a INST |b SAMOS |e 20020617 |h 519.2 CYG |p 005300020049 |q 005300020049 |t BK |y 0 | ||
| 852 | |a INST |b SAMOS |e 20020604 |h 519.2 CYG |p 005300024495 |q 005300024495 |t BK |y 0 | ||
| 901 | |a BIBL3-2002-2 | ||
| 922 | |a 3ΕΛΗ |b 200202 |c ΤΣΑΕ |d ΠΑΠΑΣΩΤΗΡΙΟΥ | ||
| 922 | |a 3ΕΛΗ |b 200202 |c ΤΜΗΜΑ ΜΑΘΗΜΑΤΙΚΩΝ |d ΠΑΠΑΣΩΤΗΡΙΟΥ | ||
| 950 | |a 184-2002-02-19 | ||
| 950 | |a 116-2002-02-20 | ||
| 970 | |a ΚΟΣΙΕΡΗΣ |b ΧΡΗΣΤΟΣ |z 2002/06/17 | ||